[Event "EYCC Open-U16 2019"]
[Site "Bratislava"]
[Date "2019.08.09"]
[Round "8.7"]
[White "Sahidi, Samir"]
[Black "Sargsyan, Tigran R."]
[Result "1-0"]
[WhiteElo "2369"]
[BlackElo "2314"]
[Annotator "NA"]
[PlyCount "102"]
[EventDate "2019.08.02"]
[EventType "swiss"]
[EventCountry "SVK"]
[SourceTitle "playchess.com"]
[Source "ChessBase"]
[SourceQuality "1"]
[TimeControl "40/5400+30:1800+30"]

1. e4 {[%emt 0:00:12]} c6 {[%emt 0:00:00]} 2. d4 {[%emt 0:01:20]} d5 {[%emt 0:00:11]} 3. e5 {[%emt 0:04:00]} Bf5 {[%emt 0:00:08]} 4. Nf3 {[%emt 0:00:43]} e6 {[%emt 0:00:30]} 5. Be2 {[%emt 0:03:16]} Ne7 {[%emt 0:00:30]} 6. O-O {[%emt 0:01:46]} Ng6 {[%emt 0:02:06]} 7. Re1 {[%emt 0:02:05]} Nd7 {[%emt 0:04:59]} 8. h3 {[%emt 0:11:17]} h5 {[%emt 0:02:09]} 9. Bd3 {[%emt 0:02:10]} Bxd3 {[%emt 0:01:41]} 10. Qxd3 {[%emt 0:00:21]} Qb6 {[%emt 0:09:19]} 11. c3 {[%emt 0:09:27]} Be7 {[%emt 0:06:50]} 12. a3 {[%emt 0:07:21]} c5 {[%emt 0:05:29]} 13. Qc2 {[%emt 0:10:39]} Rc8 {[%emt 0:05:59]} 14. Qa4 {[%emt 0:03:01]} cxd4 {[%emt 0:03:06]} 15. cxd4 {[%emt 0:01:00]} Nh4 {[%emt 0:04:44]} 16. Nxh4 {[%emt 0:03:12]} Rc4 {[%emt 0:01:39]} 17. b4 {[%emt 0:03:36]} Qxd4 {[%emt 0:19:23]} 18. Ra2 {[%emt 0:00:19]} Qxh4 {[%emt 0:08:27]} 19. Nd2 {[%emt 0:02:20]} Rc7 {[%emt 0:04:33]} 20. Rc2 {[%emt 0:03:46]} b5 {[%emt 0:05:01]} 21. Qb3 {[%emt 0:00:37]} Bd8 {[%emt 0:09:48]} 22. Nf3 {[%emt 0:01:29]} Qe7 {[%emt 0:00:13]} 23. Bg5 {[%emt 0:00:56]} f6 {[%emt 0:00:49]} 24. exf6 {[%emt 0:05:03]} gxf6 {[%emt 0:00:01]} 25. Rce2 {[%emt 0:01:26]} Nf8 {[%emt 0:01:01]} 26. Nd4 {[%emt 0:00:36]} Kf7 {[%emt 0:01:49]} 27. Nxe6 {[%emt 0:02:06]} Nxe6 {[%emt 0:00:10]} 28. Rxe6 {[%emt 0:00:19]} Qxe6 {[%emt 0:00:16]} 29. Rxe6 {[%emt 0:00:05]} Kxe6 {[%emt 0:00:01]} 30. Bf4 {[%emt 0:03:24]} Rc4 {[%emt 0:00:13]} 31. Be3 {[%emt 0:00:59]} Bc7 {[%emt 0:01:20]} 32. g3 {[%emt 0:00:59]} Be5 {[%emt 0:00:50]} 33. a4 {[%emt 0:03:14]} h4 {[%emt 0:01:12]} 34. g4 {[%emt 0:01:54]} a6 {[%emt 0:00:55]} 35. axb5 {[%emt 0:00:29]} axb5 {[%emt 0:00:00]} 36. Qd3 {[%emt 0:01:03]} Rxb4 {[%emt 0:01:33]} 37. Bc5 {[%emt 0:00:24]} Re4 {[%emt 0:00:40]} 38. Qxb5 {[%emt 0:00:28]} Re1+ {[%emt 0:00:33]} 39. Kg2 {[%emt 0:00:06]} Rb8 {[%emt 0:00:47]} 40. Qc6+ {[%emt 0:00:00]} Kf7 {[%emt 0:00:00]} 41. Qxd5+ {[%emt 0:01:33]} Kg6 {[%emt 0:03:54]} 42. Be3 {[%emt 0:06:01]} Kg7 {[%emt 0:08:13]} 43. Bh6+ {[%emt 0:05:08]} Kxh6 {[%emt 0:04:08]} 44. Qd2+ {[%emt 0:00:07]} Kg6 {[%emt 0:00:14]} 45. Qxe1 {[%emt 0:00:05]} Rb2 {[%emt 0:02:06]} 46. Qe4+ {[%emt 0:00:18]} Kg7 {[%emt 0:00:32]} 47. g5 {[%emt 0:02:31]} Rb6 {[%emt 0:02:56]} 48. f4 {[%emt 0:03:19]} Bb2 {[%emt 0:00:44]} 49. Kf3 {[%emt 0:01:37]} fxg5 {[%emt 0:04:03]} 50. fxg5 {[%emt 0:03:00]} Rb8 {[%emt 0:02:15]} 51. Qe7+ {[%emt 0:01:02]} Kg8 {[%emt 0:00:49]} 1-0

[Event "EYCC Open-U16 2019"]
[Site "Bratislava"]
[Date "2019.08.09"]
[Round "8.8"]
[White "Alonso Garcia, Aaron"]
[Black "Globus, Or"]
[Result "0-1"]
[WhiteElo "2248"]
[BlackElo "2352"]
[Annotator "NA"]
[PlyCount "84"]
[EventDate "2019.08.02"]
[EventType "swiss"]
[EventCountry "SVK"]
[SourceTitle "playchess.com"]
[Source "ChessBase"]
[SourceQuality "1"]
[TimeControl "40/5400+30:1800+30"]

1. e4 {[%emt 0:00:01]} c5 {[%emt 0:00:00]} 2. Nc3 {[%emt 0:00:48]} d6 {[%emt 0:00:29]} 3. g3 {[%emt 0:02:30]} Nc6 {[%emt 0:00:07]} 4. Bg2 {[%emt 0:00:03]} g6 {[%emt 0:00:24]} 5. d3 {[%emt 0:00:05]} Bg7 {[%emt 0:00:13]} 6. Be3 {[%emt 0:00:05]} Rb8 {[%emt 0:00:37]} 7. Qd2 {[%emt 0:00:06]} b5 {[%emt 0:00:11]} 8. Nge2 {[%emt 0:00:04]} b4 {[%emt 0:00:36]} 9. Nd1 {[%emt 0:00:04]} Nd4 {[%emt 0:01:34]} 10. O-O {[%emt 0:01:02]} e5 {[%emt 0:00:28]} 11. Nc1 {[%emt 0:07:50]} Ne7 {[%emt 0:01:06]} 12. f4 {[%emt 0:08:44]} exf4 {[%emt 0:00:10]} 13. Bxf4 {[%emt 0:03:04]} h6 {[%emt 0:01:13]} 14. Nf2 {[%emt 0:06:45]} Ne6 {[%emt 0:09:50]} 15. Be3 {[%emt 0:03:44]} Bxb2 {[%emt 0:05:28]} 16. Rb1 {[%emt 0:00:01]} Bc3 {[%emt 0:00:59]} 17. Qd1 {[%emt 0:01:23]} h5 {[%emt 0:11:23]} 18. Ne2 {[%emt 0:04:05]} Bg7 {[%emt 0:01:37]} 19. c3 {[%emt 0:08:32]} O-O {[%emt 0:09:14]} 20. a3 {[%emt 0:12:46]} a5 {[%emt 0:05:28]} 21. axb4 {[%emt 0:02:15]} axb4 {[%emt 0:00:26]} 22. cxb4 {[%emt 0:00:38]} cxb4 {[%emt 0:01:16]} 23. Qd2 {[%emt 0:00:24]} b3 {[%emt 0:01:08]} 24. Bh6 {[%emt 0:02:51]} Bxh6 {[%emt 0:09:59]} 25. Qxh6 {[%emt 0:00:02]} Qb6 {[%emt 0:01:48]} 26. Kh1 {[%emt 0:02:23]} Nd4 {[%emt 0:03:14]} 27. Nf4 {[%emt 0:03:23]} Qc5 {[%emt 0:03:34]} 28. e5 {[%emt 0:07:25]} Ndf5 {[%emt 0:09:40]} 29. Qg5 {[%emt 0:00:01]} Qxe5 {[%emt 0:01:36]} 30. N4h3 {[%emt 0:14:19]} Ne3 {[%emt 0:07:08]} 31. Rfe1 {[%emt 0:00:23]} Bxh3 {[%emt 0:02:31]} 32. Nxh3 {[%emt 0:00:01]} Qxg5 {[%emt 0:00:57]} 33. Nxg5 {[%emt 0:00:01]} N7f5 {[%emt 0:00:33]} 34. Bh3 {[%emt 0:03:59]} Rfc8 {[%emt 0:02:33]} 35. Ne4 {[%emt 0:06:32]} Rc2 {[%emt 0:00:59]} 36. Rec1 {[%emt 0:00:15]} b2 {[%emt 0:04:08]} 37. Re1 {[%emt 0:00:09]} Kg7 {[%emt 0:01:59]} 38. Kg1 {[%emt 0:00:18]} Nd4 {[%emt 0:01:14]} 39. Rxe3 {[%emt 0:01:46]} Rc1+ {[%emt 0:00:16]} 40. Re1 {[%emt 0:00:00]} Rxe1+ {[%emt 0:00:00]} 41. Rxe1 {[%emt 0:00:01]} Nf3+ {[%emt 0:00:41]} 42. Kf2 {[%emt 0:00:01]} Nxe1 {[%emt 0:00:07]} 0-1

[Event "EYCC Open-U16 2019"]
[Site "Bratislava"]
[Date "2019.08.09"]
[Round "8.9"]
[White "Kacharava, Nikolozi"]
[Black "Ongut, Tamas Gunes"]
[Result "1-0"]
[WhiteElo "2431"]
[BlackElo "2158"]
[Annotator "NA"]
[PlyCount "98"]
[EventDate "2019.08.02"]
[EventType "swiss"]
[EventCountry "SVK"]
[SourceTitle "playchess.com"]
[Source "ChessBase"]
[SourceQuality "1"]
[TimeControl "40/5400+30:1800+30"]

1. e4 {[%emt 0:00:00]} e5 {[%emt 0:00:00]} 2. Nf3 {[%emt 0:00:00]} Nc6 {[%emt 0:00:00]} 3. Bb5 {[%emt 0:00:27]} a6 {[%emt 0:00:00]} 4. Ba4 {[%emt 0:00:11]} Nf6 {[%emt 0:00:00]} 5. O-O {[%emt 0:00:28]} Nxe4 {[%emt 0:00:00]} 6. d4 {[%emt 0:01:35]} Be7 {[%emt 0:00:05]} 7. Re1 {[%emt 0:05:48]} b5 {[%emt 0:00:07]} 8. Rxe4 {[%emt 0:07:14]} d5 {[%emt 0:00:07]} 9. Nxe5 {[%emt 0:02:48]} Nxe5 {[%emt 0:00:07]} 10. Rxe5 {[%emt 0:00:10]} bxa4 {[%emt 0:00:05]} 11. Nc3 {[%emt 0:02:09]} O-O {[%emt 0:00:08]} 12. Nxa4 {[%emt 0:04:34]} Bd6 {[%emt 0:00:44]} 13. Re3 {[%emt 0:06:32]} Qh4 {[%emt 0:06:08]} 14. g3 {[%emt 0:01:39]} Qh3 {[%emt 0:04:08]} 15. Qf3 {[%emt 0:02:56]} Bd7 {[%emt 0:26:31]} 16. Nc3 {[%emt 0:05:29]} c6 {[%emt 0:05:30]} 17. Ne2 {[%emt 0:03:37]} Bf5 {[%emt 0:06:56]} 18. c3 {[%emt 0:07:59]} Be4 {[%emt 0:07:20]} 19. Rxe4 {[%emt 0:01:37]} dxe4 {[%emt 0:00:03]} 20. Qxe4 {[%emt 0:00:32]} Rae8 {[%emt 0:04:23]} 21. Qf3 {[%emt 0:02:16]} Qe6 {[%emt 0:17:33]} 22. Be3 {[%emt 0:01:40]} Qd5 {[%emt 0:02:03]} 23. Qxd5 {[%emt 0:03:40]} cxd5 {[%emt 0:02:11]} 24. b3 {[%emt 0:00:58]} Rc8 {[%emt 0:00:36]} 25. Rc1 {[%emt 0:03:33]} h6 {[%emt 0:05:55]} 26. c4 {[%emt 0:01:51]} Ba3 {[%emt 0:00:02]} 27. Rc2 {[%emt 0:06:25]} g5 {[%emt 0:00:03]} 28. c5 {[%emt 0:04:36]} Bb4 {[%emt 0:00:10]} 29. Nc1 {[%emt 0:00:58]} Rfe8 {[%emt 0:00:58]} 30. Nd3 {[%emt 0:00:58]} a5 {[%emt 0:00:29]} 31. Bc1 {[%emt 0:04:37]} Rb8 {[%emt 0:01:37]} 32. Ne5 {[%emt 0:04:00]} a4 {[%emt 0:02:14]} 33. Nd7 {[%emt 0:06:36]} axb3 {[%emt 0:01:40]} 34. axb3 {[%emt 0:00:34]} Re1+ {[%emt 0:00:08]} 35. Kg2 {[%emt 0:00:01]} Rd8 {[%emt 0:01:23]} 36. c6 {[%emt 0:00:48]} Ba5 {[%emt 0:01:17]} 37. b4 {[%emt 0:01:57]} Bxb4 {[%emt 0:02:54]} 38. c7 {[%emt 0:01:46]} Rc8 {[%emt 0:00:07]} 39. Nb6 {[%emt 0:00:53]} Ree8 {[%emt 0:00:07]} 40. Nxd5 {[%emt 0:00:00]} Bd6 {[%emt 0:00:00]} 41. Rc6 {[%emt 0:04:09]} Re6 {[%emt 0:04:55]} 42. Rxd6 {[%emt 0:00:56]} Rxd6 {[%emt 0:00:01]} 43. Ne7+ {[%emt 0:00:19]} Kh7 {[%emt 0:00:08]} 44. Nxc8 {[%emt 0:00:21]} Rc6 {[%emt 0:00:08]} 45. Nb6 {[%emt 0:03:16]} Rxc7 {[%emt 0:00:05]} 46. Be3 {[%emt 0:00:40]} Kg6 {[%emt 0:00:10]} 47. d5 {[%emt 0:00:41]} Kf6 {[%emt 0:00:09]} 48. d6 {[%emt 0:01:59]} Rb7 {[%emt 0:00:03]} 49. d7 {[%emt 0:01:31]} Ke7 {[%emt 0:00:08]} 1-0

[Event "EYCC Open-U16 2019"]
[Site "Bratislava"]
[Date "2019.08.09"]
[Round "8.10"]
[White "Cohen Revivo, Shoham"]
[Black "Horvath, Dominik"]
[Result "1/2-1/2"]
[WhiteElo "2254"]
[BlackElo "2424"]
[Annotator "NA"]
[PlyCount "102"]
[EventDate "2019.08.02"]
[EventType "swiss"]
[EventCountry "SVK"]
[SourceTitle "playchess.com"]
[Source "ChessBase"]
[SourceQuality "1"]
[TimeControl "40/5400+30:1800+30"]

1. e4 {[%emt 0:00:00]} e5 {[%emt 0:00:00]} 2. Nf3 {[%emt 0:00:00]} Nc6 {[%emt 0:00:00]} 3. d4 {[%emt 0:00:14]} exd4 {[%emt 0:00:00]} 4. Nxd4 {[%emt 0:00:06]} Nf6 {[%emt 0:00:03]} 5. Nxc6 {[%emt 0:00:08]} bxc6 {[%emt 0:00:05]} 6. e5 {[%emt 0:00:10]} Qe7 {[%emt 0:00:05]} 7. Qe2 {[%emt 0:00:04]} Nd5 {[%emt 0:00:05]} 8. h4 {[%emt 0:00:06]} Qe6 {[%emt 0:00:12]} 9. c4 {[%emt 0:00:53]} Nb6 {[%emt 0:03:59]} 10. Nd2 {[%emt 0:02:57]} Bb7 {[%emt 0:22:25]} 11. b3 {[%emt 0:01:41]} a5 12. Bb2 {[%emt 0:00:37]} a4 {[%emt 0:00:40]} 13. Rh3 {[%emt 0:05:50]} axb3 {[%emt 0:05:01]} 14. axb3 {[%emt 0:00:21]} Rxa1+ {[%emt 0:00:05]} 15. Bxa1 {[%emt 0:00:12]} Bb4 {[%emt 0:03:37]} 16. Bc3 c5 {[%emt 0:00:04]} 17. Bxb4 {[%emt 0:03:37]} cxb4 {[%emt 0:01:03]} 18. Re3 O-O 19. Qh5 {[%emt 0:05:25]} Qg6 {[%emt 0:17:29]} 20. Qxg6 {[%emt 0:02:19]} hxg6 {[%emt 0:02:24]} 21. f3 Re8 22. Kf2 {[%emt 0:03:44]} c5 {[%emt 0:06:26]} 23. Bd3 {[%emt 0:01:40]} Nc8 {[%emt 0:03:08]} 24. Be4 {[%emt 0:02:29]} Bxe4 {[%emt 0:00:49]} 25. Nxe4 {[%emt 0:00:06]} Rxe5 {[%emt 0:00:08]} 26. f4 {[%emt 0:00:33]} Rh5 {[%emt 0:06:33]} 27. g4 {[%emt 0:05:52]} Rxh4 {[%emt 0:00:55]} 28. Kg3 {[%emt 0:00:08]} Rh1 {[%emt 0:04:21]} 29. Nxc5 {[%emt 0:00:29]} Kh7 {[%emt 0:03:02]} 30. Nxd7 {[%emt 0:04:01]} Rg1+ {[%emt 0:00:10]} 31. Kf3 {[%emt 0:01:04]} Rf1+ {[%emt 0:02:54]} 32. Kg3 {[%emt 0:01:49]} Rg1+ {[%emt 0:00:05]} 33. Kh3 {[%emt 0:00:58]} Nd6 {[%emt 0:03:47]} 34. c5 {[%emt 0:00:20]} Nb5 {[%emt 0:00:04]} 35. Re4 {[%emt 0:08:06]} Rd1 {[%emt 0:01:58]} 36. Rxb4 {[%emt 0:00:27]} Nc7 {[%emt 0:00:11]} 37. Ne5 {[%emt 0:08:20]} f6 {[%emt 0:01:11]} 38. Nf3 {[%emt 0:10:40]} Rd3 {[%emt 0:00:43]} 39. Kg3 {[%emt 0:00:52]} Rc3 {[%emt 0:00:06]} 40. Rd4 {[%emt 0:00:00]} Ne6 {[%emt 0:00:00]} 41. Rc4 {[%emt 0:02:10]} Rxb3 {[%emt 0:01:31]} 42. c6 {[%emt 0:00:16]} Nc7 {[%emt 0:01:04]} 43. g5 {[%emt 0:02:08]} Kg8 {[%emt 0:04:03]} 44. Kf2 {[%emt 0:02:20]} Kf7 {[%emt 0:02:00]} 45. Rd4 {[%emt 0:02:31]} Ne6 {[%emt 0:00:09]} 46. Rd7+ {[%emt 0:04:18]} Ke8 {[%emt 0:00:04]} 47. Nd4 {[%emt 0:00:11]} Nxd4 {[%emt 0:00:52]} 48. Rxd4 {[%emt 0:00:02]} Rc3 {[%emt 0:00:12]} 49. Rd6 {[%emt 0:00:59]} Ke7 {[%emt 0:01:23]} 50. Rd7+ {[%emt 0:00:10]} Ke6 {[%emt 0:00:04]} 51. Rxg7 {[%emt 0:01:02]} fxg5 {[%emt 0:00:23]} 1/2-1/2

[Event "EYCC Open-U16 2019"]
[Site "Bratislava"]
[Date "2019.08.09"]
[Round "8.11"]
[White "Haring, Filip"]
[Black "Svane, Frederik"]
[Result "1-0"]
[WhiteElo "2334"]
[BlackElo "2334"]
[Annotator "TA"]
[PlyCount "53"]
[EventDate "2019.08.02"]
[EventType "swiss"]
[EventCountry "SVK"]
[SourceTitle "playchess.com"]
[Source "ChessBase"]
[SourceQuality "1"]

{[%evp 14,53,14,9,42,7,52,47,34,-10,-13,-2,-7,-8,-12,-19,-31,-29,-26,-34,0,-59,-7,-37,-37,-39,-33,-41,-33,-29,-29,-94,-41,-42,206,187,29990,29991,29991,29992,29992,29993]} 1. e4 c5 2. Nf3 Nc6 3. Nc3 ({Predecessor:} 3. d4 cxd4 4. Nxd4 g6 {½-½ (37) Kriebel,T (2484)-Jurcik,M (2484) Konya 2016}) 3... g6 4. d4 cxd4 5. Nxd4 Bg7 6. Be3 Nf6 7. Bc4 O-O 8. Bb3 Re8 {B35: Sicilian: Accelerated Dragon with 5 Nc3: main line} 9. h4 $146 (9. f3 d5 10. exd5 Nb4 11. Nde2 e6 12. Bd4 exd5 13. Qd2 Nc6 14. O-O-O Nxd4 15. Nxd4 Bd7 16. g4 {1-0 (33) Navara,D (2740)-Gelfand,B (2703) Batumi 2018}) 9... d5 10. exd5 Na5 {White is slightly better.} 11. h5 (11. Qd2 {looks sharper.} Nxb3 12. Nxb3 Ng4 13. O-O-O Nxe3 14. Qxe3 h5 15. Kb1) 11... Nxb3 12. Nxb3 b5 13. hxg6 hxg6 14. Nxb5 {aiming for c4.} Nxd5 15. Bd4 {[#] Bxg7 is the strong threat.} e5 16. Bc5 Be6 {[%mdl 1024] Black has compensation.} 17. Qd2 (17. Nd6 $11) 17... Qb8 (17... a5 $1 $15 18. Nd6 Re7) 18. Qa5 a6 $1 {[%cal Ra6b5]} 19. Nd6 Rd8 20. c4 Nf4 21. O-O-O e4 {White must now prevent ...Nd3+.} 22. Nxe4 (22. Kb1 $11 {remains equal.}) 22... Nd3+ (22... Rxd1+ $17 23. Rxd1 Qe5) 23. Kb1 $15 {Hoping for Be7.} Bxc4 $2 {[#]} (23... Bf5 $15 {keeps the upper hand.} 24. f3 Nxb2 {[%mdl 64] Double Attack} 25. Qxd8+ Qxd8 26. Rxd8+ Rxd8) 24. Be7 $1 $18 {Intending Nf6+ and mate.} Bxb3 $2 (24... f5 $18) 25. Nf6+ {White mates.} Bxf6 26. Bxf6 {[%csl Gf6][%cal Rh1h8]} Bc2+ 27. Ka1 {Accuracy: White = 44%, Black = 34%.} 1-0

[Event "EYCC Open-U16 2019"]
[Site "Bratislava"]
[Date "2019.08.09"]
[Round "8.12"]
[White "Peyrer, Konstantin"]
[Black "Remizov, Yaroslav"]
[Result "0-1"]
[WhiteElo "2305"]
[BlackElo "2357"]
[Annotator "NA"]
[PlyCount "80"]
[EventDate "2019.08.02"]
[EventType "swiss"]
[EventCountry "SVK"]
[SourceTitle "playchess.com"]
[Source "ChessBase"]
[SourceQuality "1"]
[TimeControl "40/5400+30:1800+30"]

1. d4 {[%emt 0:00:00]} d5 {[%emt 0:00:01]} 2. Nf3 {[%emt 0:00:00]} Nf6 {[%emt 0:00:17]} 3. g3 {[%emt 0:00:00]} Bf5 {[%emt 0:09:29]} 4. Bg2 {[%emt 0:00:39]} e6 {[%emt 0:00:45]} 5. O-O {[%emt 0:00:42]} Nbd7 {[%emt 0:00:56]} 6. c4 {[%emt 0:01:03]} c6 {[%emt 0:01:09]} 7. Nc3 {[%emt 0:01:28]} h6 {[%emt 0:00:53]} 8. Qb3 {[%emt 0:03:38]} Qb6 {[%emt 0:03:57]} 9. c5 {[%emt 0:00:13]} Qa6 {[%emt 0:05:27]} 10. Bf4 {[%emt 0:16:30]} g5 {[%emt 0:06:18]} 11. Be5 {[%emt 0:08:19]} Bg7 {[%emt 0:40:09]} 12. Bd6 {[%emt 0:05:02]} b6 {[%emt 0:08:59]} 13. Nd2 {[%emt 0:04:02]} bxc5 {[%emt 0:04:16]} 14. dxc5 {[%emt 0:00:32]} Bf8 {[%emt 0:00:36]} 15. e4 {[%emt 0:05:50]} Bg6 {[%emt 0:03:59]} 16. exd5 {[%emt 0:13:25]} Bxd6 {[%emt 0:00:02]} 17. cxd6 {[%emt 0:00:43]} cxd5 {[%emt 0:00:07]} 18. Nb5 {[%emt 0:02:11]} O-O {[%emt 0:00:04]} 19. Nc7 {[%emt 0:00:13]} Qxd6 {[%emt 0:00:04]} 20. Nxa8 {[%emt 0:00:06]} Rxa8 {[%emt 0:00:03]} 21. Qc3 {[%emt 0:01:28]} Rb8 {[%emt 0:01:46]} 22. b3 {[%emt 0:03:57]} d4 {[%emt 0:02:30]} 23. Qa5 {[%emt 0:01:41]} Qb6 24. Qxb6 {[%emt 0:05:13]} Nxb6 {[%emt 0:06:19]} 25. Rfc1 {[%emt 0:01:43]} Nfd5 {[%emt 0:02:22]} 26. Rc5 {[%emt 0:04:03]} Rd8 {[%emt 0:01:03]} 27. Bxd5 {[%emt 0:01:20]} Nxd5 {[%emt 0:00:23]} 28. Nf3 {[%emt 0:00:52]} d3 {[%emt 0:01:25]} 29. Ne5 {[%emt 0:02:27]} Bf5 {[%emt 0:00:27]} 30. Rd1 {[%emt 0:00:44]} Nf6 {[%emt 0:00:07]} 31. h3 Rd5 {[%emt 0:00:42]} 32. Rxd5 {[%emt 0:07:15]} Nxd5 {[%emt 0:00:07]} 33. g4 {[%emt 0:00:45]} Nc3 {[%emt 0:00:34]} 34. Ra1 {[%emt 0:01:24]} d2 {[%emt 0:00:04]} 35. gxf5 {[%emt 0:00:19]} Ne2+ {[%emt 0:00:22]} 36. Kh2 {[%emt 0:01:41]} Nc1 {[%emt 0:00:01]} 37. Nd3 {[%emt 0:00:11]} d1=Q {[%emt 0:00:08]} 38. Nxc1 {[%emt 0:00:04]} Qc2 {[%emt 0:00:11]} 39. fxe6 {[%emt 0:00:21]} Qxf2+ {[%emt 0:00:43]} 40. Kh1 {[%emt 0:00:00]} fxe6 {[%emt 0:00:00]} 0-1

[Event "EYCC Open-U16 2019"]
[Site "Bratislava"]
[Date "2019.08.09"]
[Round "8.13"]
[White "Veiga, Jose Francisco R P N"]
[Black "Geher, Koppany"]
[Result "1/2-1/2"]
[WhiteElo "2357"]
[BlackElo "2211"]
[Annotator "NA"]
[PlyCount "126"]
[EventDate "2019.08.02"]
[EventType "swiss"]
[EventCountry "SVK"]
[SourceTitle "playchess.com"]
[Source "ChessBase"]
[SourceQuality "1"]
[TimeControl "40/5400+30:1800+30"]

1. e4 {[%emt 0:00:00]} c5 {[%emt 0:00:00]} 2. Nf3 {[%emt 0:00:00]} e6 {[%emt 0:00:00]} 3. b3 {[%emt 0:00:46]} a6 {[%emt 0:00:11]} 4. Bd3 {[%emt 0:00:44]} d5 {[%emt 0:01:14]} 5. exd5 {[%emt 0:01:50]} exd5 {[%emt 0:00:41]} 6. Bb2 {[%emt 0:01:41]} Nf6 {[%emt 0:01:22]} 7. Qe2+ {[%emt 0:01:26]} Qe7 {[%emt 0:00:31]} 8. Bxf6 {[%emt 0:07:11]} gxf6 {[%emt 0:02:16]} 9. Qxe7+ {[%emt 0:01:08]} Bxe7 {[%emt 0:00:48]} 10. O-O {[%emt 0:00:25]} Nc6 {[%emt 0:01:12]} 11. Nc3 {[%emt 0:08:13]} Be6 {[%emt 0:00:47]} 12. Rfe1 {[%emt 0:04:56]} Kd7 {[%emt 0:05:12]} 13. Nh4 {[%emt 0:01:58]} Rae8 {[%emt 0:12:05]} 14. f4 {[%emt 0:10:29]} Kd6 {[%emt 0:01:10]} 15. Nf5+ {[%emt 0:07:11]} Bxf5 {[%emt 0:00:12]} 16. Bxf5 {[%emt 0:00:07]} Nd4 {[%emt 0:02:33]} 17. Bd3 {[%emt 0:00:07]} Bd8 {[%emt 0:10:27]} 18. Ne2 {[%emt 0:02:14]} Nxe2+ {[%emt 0:05:53]} 19. Rxe2 {[%emt 0:00:22]} Rxe2 {[%emt 0:00:14]} 20. Bxe2 {[%emt 0:00:02]} Ba5 {[%emt 0:06:42]} 21. Rd1 {[%emt 0:01:47]} Rc8 {[%emt 0:23:26]} 22. Bd3 {[%emt 0:02:05]} h6 {[%emt 0:00:13]} 23. Kf2 {[%emt 0:02:03]} Ke7 {[%emt 0:03:11]} 24. g3 {[%emt 0:01:00]} Rd8 {[%emt 0:05:04]} 25. Kf3 {[%emt 0:01:23]} Kf8 {[%emt 0:01:17]} 26. Bf1 {[%emt 0:03:45]} Kg7 {[%emt 0:06:03]} 27. Kg4 {[%emt 0:03:36]} Rd7 {[%emt 0:00:21]} 28. Kf5 {[%emt 0:00:29]} Bd8 {[%emt 0:06:38]} 29. d4 {[%emt 0:00:54]} cxd4 {[%emt 0:00:16]} 30. Rxd4 {[%emt 0:00:18]} Bb6 {[%emt 0:00:13]} 31. Rd1 {[%emt 0:00:25]} Ba5 {[%emt 0:01:49]} 32. Bc4 {[%emt 0:05:13]} d4 {[%emt 0:00:37]} 33. g4 {[%emt 0:03:02]} Bc3 {[%emt 0:00:51]} 34. h4 {[%emt 0:01:08]} Re7 {[%emt 0:00:31]} 35. Rf1 {[%emt 0:01:02]} Rc7 {[%emt 0:02:51]} 36. g5 {[%emt 0:00:33]} Rc5+ {[%emt 0:00:28]} 37. Kg4 {[%emt 0:00:07]} hxg5 {[%emt 0:00:38]} 38. fxg5 {[%emt 0:00:17]} Rc6 {[%emt 0:00:23]} 39. h5 {[%emt 0:01:21]} Bd2 {[%emt 0:00:11]} 40. h6+ {[%emt 0:00:00]} Kh7 {[%emt 0:00:00]} 41. Rxf6 {[%emt 0:04:44]} Rxf6 {[%emt 0:01:38]} 42. gxf6 {[%emt 0:00:16]} Bxh6 {[%emt 0:08:51]} 43. Bxf7 {[%emt 0:00:18]} Bf8 {[%emt 0:00:47]} 44. Kf5 {[%emt 0:02:23]} a5 {[%emt 0:03:27]} 45. Ke6 {[%emt 0:06:45]} Bc5 {[%emt 0:01:09]} 46. Kd5 {[%emt 0:11:17]} b6 {[%emt 0:00:20]} 47. Kc6 {[%emt 0:01:01]} Kh6 {[%emt 0:00:54]} 48. Be8 {[%emt 0:00:06]} Kh7 {[%emt 0:00:30]} 49. Bf7 {[%emt 0:00:21]} Kh6 {[%emt 0:00:09]} 50. Kd5 {[%emt 0:00:10]} Kh7 {[%emt 0:00:19]} 51. Ke4 {[%emt 0:00:23]} Kh8 {[%emt 0:02:10]} 52. Kd3 {[%emt 0:00:20]} Kh7 {[%emt 0:00:24]} 53. Kd2 {[%emt 0:00:14]} Kh6 {[%emt 0:00:18]} 54. Be8 {[%emt 0:00:28]} Kh7 {[%emt 0:00:10]} 55. Kd1 {[%emt 0:00:11]} Kg8 {[%emt 0:00:30]} 56. Kc1 {[%emt 0:00:08]} Kf8 {[%emt 0:00:15]} 57. Bg6 {[%emt 0:00:04]} Ba3+ {[%emt 0:00:24]} 58. Kd2 {[%emt 0:00:09]} Bb4+ {[%emt 0:00:30]} 59. Kd3 {[%emt 0:00:04]} Bc5 {[%emt 0:00:04]} 60. Kc4 {[%emt 0:00:03]} Kg8 {[%emt 0:00:09]} 61. Kb5 {[%emt 0:00:39]} Kf8 {[%emt 0:00:45]} 62. a3 {[%emt 0:00:25]} Bxa3 {[%emt 0:00:33]} 63. Kxb6 {[%emt 0:00:06]} Bb4 {[%emt 0:00:07]} 1/2-1/2

[Event "EYCC Open-U16 2019"]
[Site "Bratislava"]
[Date "2019.08.09"]
[Round "8.14"]
[White "Timoshin, Andrei"]
[Black "Stefansson, Vignir Vatnar"]
[Result "1/2-1/2"]
[WhiteElo "2154"]
[BlackElo "2293"]
[Annotator "NA"]
[PlyCount "42"]
[EventDate "2019.08.02"]
[EventType "swiss"]
[EventCountry "SVK"]
[SourceTitle "playchess.com"]
[Source "ChessBase"]
[SourceQuality "1"]
[TimeControl "40/5400+30:1800+30"]

1. e4 {[%emt 0:00:00]} c5 {[%emt 0:00:00]} 2. Nf3 {[%emt 0:00:00]} Nc6 {[%emt 0:00:00]} 3. Bb5 {[%emt 0:00:00]} g6 {[%emt 0:00:00]} 4. O-O {[%emt 0:00:20]} Bg7 {[%emt 0:00:05]} 5. c3 {[%emt 0:00:16]} Nf6 {[%emt 0:01:30]} 6. e5 {[%emt 0:00:15]} Nd5 {[%emt 0:00:06]} 7. d4 {[%emt 0:00:08]} cxd4 {[%emt 0:01:36]} 8. cxd4 {[%emt 0:00:09]} O-O {[%emt 0:01:00]} 9. Nc3 {[%emt 0:00:21]} Nc7 {[%emt 0:00:32]} 10. Bg5 {[%emt 0:00:35]} Nxb5 {[%emt 0:08:35]} 11. Nxb5 {[%emt 0:00:12]} a6 {[%emt 0:04:50]} 12. Nd6 {[%emt 0:05:25]} h6 {[%emt 0:05:48]} 13. Bh4 {[%emt 0:00:02]} g5 {[%emt 0:07:47]} 14. Bxg5 {[%emt 0:00:07]} hxg5 {[%emt 0:00:14]} 15. Nxg5 {[%emt 0:00:02]} f6 {[%emt 0:07:08]} 16. exf6 {[%emt 0:00:32]} Rxf6 {[%emt 0:00:41]} 17. Qh5 {[%emt 0:02:20]} Rxd6 {[%emt 0:10:41]} 18. Qf7+ {[%emt 0:02:40]} Kh8 {[%emt 0:00:07]} 19. Qh5+ {[%emt 0:01:12]} Kg8 {[%emt 0:00:32]} 20. Qf7+ {[%emt 0:01:52]} Kh8 {[%emt 0:00:08]} 21. Qf5 {[%emt 0:01:27]} Kg8 {[%emt 0:01:10]} 1/2-1/2